| 000 | 00461cam a2200193ua 4500 | ||
|---|---|---|---|
| 020 | _cRs. 8.50 | ||
| 041 |
_aeng _h |
||
| 082 |
_a537 _bRAM/TE |
||
| 100 | _aRamamoothy, S . | ||
| 245 | _aText book of electricity and magnetism | ||
| 250 |
_a3 / _b. |
||
| 260 |
_achennai : _bThe national publishing co , _c1964. |
||
| 300 | _a601 ; . | ||
| 365 | _aRs. 8.50 | ||
| 504 | _a | ||
| 700 | 1 | _aKrishnaswami, S . | |
| 942 | _cBK | ||
| 999 |
_c284 _d284 |
||